Tārīkh Ūrubbā fī al-ʻaṣr al-ḥadīth /
Main Author:
Other Authors: ,
Format: Book
Language:
Arabic
English
Published:
al-Qahirah :
Dār al-Maʻārif,
1946.
Subjects:
Tags: Add Tag
Call Number: D102 .F562 1946
| LEADER | 01270nam a2200313Ia 4500 | ||
|---|---|---|---|
| 003 | OSt | ||
| 005 | 20230214085017.0 | ||
| 008 | 130303s1946 ua b g 000 0 ara d | ||
| 952 | |0 0 |1 0 |2 lcc |4 0 |6 D0102 F562 01946 |7 1 |9 45586 |a ARCE |b ARCE |d 2023-02-14 |l 0 |o D102 .F562 1946 |p 1030747 |r 2023-02-14 00:00:00 |w 2023-02-14 |y BK | ||
| 999 | |c 28854 |d 28854 | ||
| 040 | |c ARCE Library | ||
| 041 | 1 | |a ara |h eng | |
| 043 | |a e------ | ||
| 050 | 4 | |a D102 .F562 1946 | |
| 100 | 1 | |a Fisher, H. A. L. |q (Herbert Albert Laurens), |d 1865-1940, |e author | |
| 240 | 1 | 0 | |a History of Europe. |l Arabic |
| 245 | 1 | 0 | |6 880-02 |a Tārīkh Ūrubbā fī al-ʻaṣr al-ḥadīth / |c taʼlīf H. A. L. Fisher. |
| 264 | 1 | |a al-Qahirah : |b Dār al-Maʻārif, |c 1946. | |
| 300 | |a 669 pages : |b maps ; |c 25 cm. | ||
| 500 | |a Translation of his A history of Europe, by Ahṃad Najīb Hāshim and Wadīʻ al-Dạbʻ. | ||
| 500 | |a At head of title :Jamʻiyat al-tarīkh al-hạdīth. | ||
| 546 | |a Title and text in Arabic. | ||
| 651 | 0 | |a Europe |x History. | |
| 700 | 1 | |a Hāshim, Aḥmad Najīb. |e tr. | |
| 700 | 1 | |a Dạbʻ, Wadīʻ. |e tr. | |
| 880 | 1 | 0 | |6 245-02/(3/r |a تاريخ أوروبا في العصر الحديث |c تأليف ه.ا.ل.فيشر |
| 880 | 1 | 0 | |6 100-02(3/r |a فيشر |
| 901 | |a reviewed | ||
| 942 | |c BK |2 lcc | ||
